| 000 | 00784 a2200169 4500 | ||
|---|---|---|---|
| 003 | Nust | ||
| 005 | 20230130124238.0 | ||
| 040 | _cNust | ||
| 082 | _a920,LIP | ||
| 100 |
_aLippmann, Walter _9108039 |
||
| 245 |
_aMen of destiny / _cWalter Lippmann and Robert Burke : Editor |
||
| 260 |
_aLondon _bUniversity of Washington Press |
||
| 300 | _a244:p | ||
| 505 | _aAl Smith (Page-1), Calvin Coolidge (Page-10), The Causes of Political Indifference Today (Page-18), The Catholicism of Al Smith (Page-35), H.L. Mencken (Page-61), Sinlair Lewis (Page-71), An Anticipation of Harding (Page-107), Wilson and House (Page-120), Borah (Page-140), The Outlawry of War (Page-162), Second best Statesmen (Page-223), To Justice Holmes (Page-242). | ||
| 650 |
_aBiography _9461 |
||
| 942 |
_2ddc _cBK |
||
| 999 |
_c187120 _d187120 |
||